01067cas a2200289 i 4500001001000000003000400010005001700014007000300031008004100034040003000075041000800105043000900113245009100122264008300213300005400296310001500350336002900365337003500394338003000429362003500459500004800494500002400542547003400566650005800600650005100658651006800709000045472DLC20260427155140.0ta150407c2000 dr er1pddd || |0spa d aDO-SdBNPbspacBNPHUerda hspa anwdr00aEl oso bussi :brevista para niños: juegos* cuentos* chistes* manualidades* dibujos. aSanto Domingo, República Dominicana :bBijosa TTS.bEditora Corripio, c2000 avolumen :bilustraciones, fotografías ;c28 cm. aBimensual. atextobtxt 2rdacontent  asin mediación bn 2rdamedia avolumen bnc 2rdacarrier1 aInicia con: No.1 (abril 2000). aDescripción basada en: No.1 (abril 2000). aEdición gratuita. aTítulo original: BUSSI BAR. 4aRevista infantilxAprendizajezRepública Dominicana 4aLiteratura infantilvPublicación periódica 4aRepública DominicanaxManualidadesvPublicación periódica